000
00267nam a22001097a 4500
008
160510b xxu||||| |||| 00| 0 eng d
020
_a
0030044634
041
_a
eng
080
_a
54
245
_a
World of chemistry:
_c
Melvin D. Joesten; James L. Wood;
942
_2
udc
_c
BK
999
_c
1967
_d
1967